|
|
|
|
| LEADER |
00000cam a2200000 7i4500 |
| 001 |
0000012680 |
| 005 |
20080111.0 |
| 008 |
071228 |
| 020 |
|
|
|a 9830461335
|
| 090 |
0 |
0 |
|a 297.352
|b JOH
|
| 100 |
1 |
|
|a Johari Alias,Haji
|
| 245 |
1 |
0 |
|a Panduan ibadah haji umrah dan ziarah
|c Haji Johari Haji Alias
|
| 260 |
|
|
|a Kuala Lumpur :
|b Darul Nu'man ,
|c 2001
|
| 650 |
|
0 |
|a Muslims pilgrims and pilgrimages
|z Saudi Arabia
|z Mecca
|
| 650 |
|
0 |
|a Pillars of Islam
|
| 999 |
|
|
|a 0001008672
|b Book
|c Adult Collection
|e Perbadanan Perpustakaan Awam Johor
|
| 999 |
|
|
|a 0001008673
|b Book
|c Adult Collection
|e Perbadanan Perpustakaan Awam Johor
|
| 999 |
|
|
|a 0001008674
|b Book
|c Adult Collection
|e Perbadanan Perpustakaan Awam Johor
|